MDQL
is popping MORE tags! Check the
thread
!
Quizzes
Events
Quiz Creation
Community
Videos
Private Events
Remove Ads
Sign In
Join for FREE
Feedback
Dark Mode
Quiz Categories
Sports
Geography
Music
Movies
Television
Just For Fun
Miscellaneous
History
Literature
Language
Science
Gaming
Entertainment
Religion
Holiday
For Kids
Quiz Lab
Recent
Popular Today
Quiz Kudos Today
Editor Picks
Curator Picks
Quizzes by...
Day
Popularity
Type
Ratings
Length
Year
Community
Subscriptions
Recent Discussions
Orange Saloon
Badges
Playlists
Quests
Create
Leaderboards
Showdown
Live 5
Trivia Bingo
Activity
Puzzle Library
Sporcle Events
Private Events
Virtual Trivia
Globe League
Become a Host
Pub Owners
SporcleCon
Opinionation
Our Games
Videos
Blog
Mobile Apps
Partnerships
Remove Ads and Go Orange
Feedback
Sports
Athletes
MLB
NBA
NHL
NFL
Soccer
Sports Teams
WWE
NCAA
Football
Premier League
Basketball
Baseball
Hockey
Golf
Tennis
Cricket
Rugby
Auto Racing
Olympics
World Cup
Sports
Athletes
MLB
NBA
NHL
NFL
Soccer
Sports Teams
WWE
NCAA
Football
Premier League
Basketball
Baseball
Hockey
Golf
Tennis
Cricket
Rugby
Auto Racing
Olympics
World Cup
Random Quiz
Search Sporcle
×
Quiz Lab
Quiz Lab
Sports
Show
Type in answers that appear in a list
Type in answers that appear in a list
Classic
Best Score? Go Orange.
CHIKARA 2008 shows Stats
Can you name the CHIKARA 2008 shows?
By
baldbull
10m
22 Questions
47 Plays
47 Plays
47 Plays
Comments
Comments
Give Quiz Kudos
Give Quiz Kudos
-
- Ratings
hide this ad
Replay
Link that replays current quiz
Next Quiz
Link to next quiz in quiz playlist
You Got
0%
They Got
Avg Score
54%
Avg Friend Score
Upgrade to see
Score Distribution
Jump to the score distribution portion of the page
Score
0/22
Timer
10:00
0
Plays Today
Venue
Show
% Correct
ECW Arena
King of Trios
93.6%
Hellertown
Young Lions Cup
87.2%
Oberhausen, Germany
Tag World Grand Prix
70.2%
Framingham, MA
Aniversarioma
61.7%
Wallingford, CT
Aniversarioct
61.7%
Framingham, MA
Cibernetico Begins
57.4%
Hellertown
Two Eyebrows Are Better Than One
55.3%
Reading
All That Glitters
55.3%
Hellertown
Deuces Wild
53.2%
Cleveland, OH
Laying in the Gutter, Looking at the Stars
53.2%
Easton/
ECW Arena
The Global Gauntlet
53.2%
Venue
Show
% Correct
ECW Arena
Passion & Persistence
51.1%
ECW Arena
Grit and Glory
51.1%
Hellertown
Cafe Culture
51.1%
ECW Arena
Duel and Duality
51.1%
Easton
Face with a View
48.9%
ECW Arena
Vanity and Violence
46.8%
Easton
La Loteria Letal
46.8%
ECW Arena
Style and Substance
46.8%
ECW Arena
Triumph & Tragedy
40.4%
Wallingford, CT
Armdrags to Riches
36.2%
Streamwood, IL
The Artistic Pursuit of Being Yourself
29.8%
Quiz Playlist
Details
Report
Send in Message
Add To Playlist
Classic:
Type in answers that appear in a list
Quiz Source
Last Updated: Feb 16, 2017
Quiz Scoreboard
CHALLENGE
Sign Up to Join the Scoreboard
Show All
Scores
Hide
Comments
May contain spoilers
Recently Published
Find the 'City' Movie
by crazypaving
Movies
60s
5x2 Blitz: Bands
by SL_Kpop136
Music
30s
Colored Red Africa Blitz
by spor1
Geography
30s
More to Explore
Quiz From the Vault
Featured Blog Post
14 Easter Pick-up Lines to Find Eggs With
hide this ad
You Might Also Like...
Tags
Show Quiz
2008
CHIKARA King
date
Venue
Today's Top Quizzes in Sports
Browse Sports
hide this ad
Today's Top Quizzes in Show
Browse Show
Top Contributed Quizzes in Sports
1
Players with Multiple 50 Home Run Seasons
2
Who Needs Fielders?
3
Criteria MLB: Left Handed Sluggers
4
MLB Players with Two .350 Batting Average Seasons
5
Who Hit More Homers?
6
2020 F1 Drivers Logic Puzzle
7
NBA Teammate Connections
8
Premier League Clubs since 2000 (minefield)
9
MLB Teams by First Game
10
Top 10 NHL Goal Scorers of All Time
Explore More
Trending Topics
Crossword
Disney
Harry Potter
Marvel
Kpop
Anime
NBA
NFL
Puzzle
Soccer
The Office
Song
WWE
Pokémon
Country
hide this ad
More By:
baldbull
Quiz
Plays
Rating
Category
Featured
Created
CHIKARA Young Lions' Cup
290
Sports
Sep 27, 2009
CHIKARA Super Fun Times Battle Royal
118
Miscellaneous
Sep 30, 2009
CHIKARA Tag World Grand Prix 2006
108
Sports
Sep 28, 2009
CHIKARA 2008 shows
47
Sports
Oct 18, 2009
Go to Creator's Profile
Score Distribution
Quiz Creator Spotlight
baldbull
Follow
Send a Message
Quizzes Created
-
Created Quiz Play Count
-
More By This Creator
Popular Quizzes Today
1
5x2 Blitz: Bands
2
Find the 'City' Movie
3
Colored Red Africa Blitz
4
Find the US States - No Outlines Minefield
5
The Countries of the World
6
Find the US States
7
9x9 Crossword: Cartoon Network
8
US States
More Sports Quizzes
NBA Top 10 Players from each position 2020
Quiz Lab
Trending Quizzes
Colored Red Africa Blitz II
Colored Red Europe Blitz I
Christmas Pick: Judaism
Colored Red Africa Blitz III
Colored Red Europe Blitz II
Recently Updated
Champions League XIs: Real Madrid
pecheneg
Largest US Cities 1790-2010
pecheneg
Rides in Walt Disney World
pecheneg
Most Oscar Losses (Acting)
pecheneg
Beyoncé Albums
pecheneg
Leaping Animals
pecheneg
Reality TV Shows (A-Z)
bhenderson79
Rickey Henderson's Hall of Fame Teammates
pecheneg
Champions League XIs: Arsenal
pecheneg
Quick Pick: Celebrities in WWE's Hall of Fame
aduchscher
Trending Topics
Crossword
Harry Potter
Disney
Marvel
Anime
NBA
Kpop
Soccer
Country
Puzzle
WWE
Song
NFL
The Office
Pokémon
Your Account Isn't Verified!
In order to create a playlist on Sporcle, you need to verify the email address you used during registration. Go to your
Sporcle Settings
to finish the process.
Report this User
Report this user for behavior that violates our
Community Guidelines
.
Details:
Send Report
Go to the Sporcle.com Mobile Site →
Comments